| 000 | 00634nam a22001937a 4500 | ||
|---|---|---|---|
| 003 | NUST-PNEC | ||
| 005 | 20170116180710.0 | ||
| 008 | 141002b xxu||||| |||| 00| 0 eng d | ||
| 020 | _a0074602373 | ||
| 040 | _cPNEC | ||
| 082 | _a621.833 MAI | ||
| 100 |
_9505 _aMaitra, Gitin M |
||
| 245 |
_aHandbook of gear design _cGitin M Maitra |
||
| 260 |
_aNew Delhi : _bMc. Graw Hill, _c1994. |
||
| 300 |
_a1 v. (various pagings) : _b ill. ; _c28 cm. |
||
| 500 | _ahttp://www.amazon.com/Handbook-Gear-Design-Gitin-Maitra/dp/0074602373/ref=sr_1_1?s=books&ie=UTF8&qid=1412242745&sr=1-1&keywords=0074602373 | ||
| 651 | _xME | ||
| 942 |
_2ddc _cBK |
||
| 999 |
_c60908 _d60908 |
||